Dosahy inflácie na hodnotenie efektívnosti investičného projektu

Vplyv inflácie na cash flow. Dosahy inflácie na investičný projekt. Spôsoby, ako premietnuť túto "chorobu" ekonomiky do procesu investičného rozhodovania. Praktický príklad.

Guardado en:
Detalles Bibliográficos
Autor principal: Markovič, Peter, 1974-
Formato: Capítulo de libro
Lenguaje:eslovaco
Materias:
Etiquetas: Agregar Etiqueta
Sin Etiquetas, Sea el primero en etiquetar este registro!

MARC

LEADER 00000naa a2200000 4500
001 0144373
005 20240502072604.9
041 0 |a slo 
044 |a SK 
245 1 0 |a Dosahy inflácie na hodnotenie efektívnosti investičného projektu  |c Peter Markovič 
520 |a Vplyv inflácie na cash flow. Dosahy inflácie na investičný projekt. Spôsoby, ako premietnuť túto "chorobu" ekonomiky do procesu investičného rozhodovania. Praktický príklad. 
610 2 0 |a inflácia 
610 2 0 |a projekty investičné 
610 2 0 |a investície 
610 2 0 |a cash flow 
610 2 0 |a manažment finančný 
610 2 0 |a efektívnosť 
100 1 |a Markovič, Peter, 1974-